000 00351nam a2200157Ia 4500
003 OSt
005 20240120144928.0
008 170524s9999 xx 000 0 und d
020 _a8177000551
040 _cIIMT UNIVERSITY
100 _aSawhney AK
245 0 _aMeasurment and Metrology
260 _bDhanpat Rai
260 _c2009
942 _2ddc
_c02
999 _c5619
_d5619